Statistics for Star Wars- All named Clones

Click here to take the quiz!

General Stats

  • This quiz has been taken 1,149 times
    (1,071 since last reset)
  • The average score is 23 of 122

Answer Stats

RankName% Correct
Rex
99%
Cody
97%
Fives
89%
Echo
79%
Heavy
68%
Fox
63%
Gree
61%
Bly
57%
Wolffe
56%
Waxer
54%
Boil
52%
Jesse
48%
Tup
46%
Hardcase
45%
Trooper99
44%
Gregor
44%
Droidbait
43%
Cutup
43%
Ponds
39%
SergeantAppo
38%
Dogma
37%
Kix
34%
Odd Ball
32%
Thire
32%
Thorn
31%
Neyo
29%
Stone
26%
Slick
25%
Keeli
24%
Jek
22%
LieutenantHawk
22%
Matchstick
21%
Jet
21%
Fil
21%
Doom
21%
Lucky
21%
O'Niner
20%
Denal
19%
Havoc
19%
Redeye
19%
PilotAxe
19%
Rys
16%
Blitz
16%
Lock
15%
Boost
15%
Broadside
14%
Sinker
14%
Cameron
14%
Mixer
14%
Trap
14%
Charger
13%
Warthog
13%
Fordo
13%
Niner
13%
Hunter
13%
Flash
13%
CommanderBlackout
13%
Trauma
12%
Chopper
11%
Monnk
11%
Ringo
10%
Gearshift
10%
Ox
10%
Buzz
10%
Oz
10%
Silver
10%
Naval OfficerZak
10%
Hound
10%
Trapper
10%
Kosmos
9%
Tag
9%
Nub
8%
Hawkeye
8%
Bel
8%
Swoop
8%
Tucker
8%
Crys
8%
Kickback
7%
Slammer
7%
Stak
7%
Scythe
7%
Spark
7%
Boomer
7%
Killer
7%
Wooly
7%
Hammer
7%
Razor
7%
Draa
6%
Cut Lawquane
6%
Gus
6%
Ridge
6%
Edge
6%
Jester
5%
Koho
5%
Mack
5%
Sketch
5%
Tracer
4%
Kano
4%
Goji
4%
Del
4%
Punch
4%
Pulsar
4%
CaptainBreaker
3%
Zeer
3%
Mag
3%
Coric
3%
Rod
3%
Engle
3%
Fury
2%
Cooker
2%
Cards
2%
Ayar
2%
Shiv
2%
Attie
2%
Hez
2%
Threepwood
2%
Vaize
2%
Lunn
1%
Toomer
1%
Flak
1%
Ged
1%
Able-472
1%

Score Distribution

Percentile by Number Answered

Percent of People with Each Score

Your Score History

You have not taken this quiz since the last reset